00896nam a2200253 i 4500001000700000003000900007005001700016007000300033008004100036080001700077080001100094100004500105245009900150260004000249300002200289500002900311650002800340651002700368700004600395700002700441852003300468999001900501952012200520106065ES-MaACL20250727033925.0t|060925s1970 fr ||||1| fre d a947"1922/.." a330.851 aVarga, Evgueniï Samoïlovich.911318613aLe testament de Varga / csuivi de textes inédites de Lénine ; préface de Roger Garaudy. aParis : bBernard Grasset, c[1970] a185 p. ; c19 cm. aBiblioteca Juan Andrade. 7aComunismo2embne911211 4aURSS-xHistoria.994691 aLenin, Vladimir Il'ich,d1870-19249715231 aGaraudy, Roger.953935 aES-MaACLjAND-723 bR.110019 c106065d106065 00104070aATENEOMbATENEOMcDEPO2d2008-01-17eSCl0oAND-723p1110727r2023-02-23 00:00:00w2023-02-23yMONOGRAFIA